000 00550nam a22001937a 4500
005 20220419093611.0
008 220419b ||||| |||| 00| 0 eng d
040 _cAL
041 _aEnglish
082 _223
_a954.5
_bTARC
100 _aV M Tarkunde
_930333
245 _aCitizens for Democracy Report to the Nation:Oppression in Punjab
260 _aBombay
_bHind Mazdoor Kisan Panchayat
_c1985
300 _a128 p.
_bPB
_c21x14 cm.
365 _c
_d₹15.00
650 _aPunjab
_930334
700 _aTARKUNDE (V M)
_930335
942 _2ddc
_cGF
999 _c222470
_d222470